000 00907nam a22002657a 4500
001 9679
003 FISKH
005 20260129102606.0
008 260129b cb ||||| |||| 00| 0 eng d
020 _a9781880892596
040 _aFISKH
_beng
_cFISKH
_dFISKH
050 _aPZ7
100 _aStrayer, Debbie
245 _aMike and Spike :
_bSuccessful Reading for Beginners /
_cWritten by Debbie Strayer : Illustrated by Joy Majewski
260 _aMelrose , FL :
_bCommon Sense Press ,
_c1998 .
300 _a10 pages :
_billustrations ;
_c21 cm .
490 _aBridge Reader
_vBook 6
505 _aD
520 _aThese are six delightful readers, which go along with the Learning Language Arts Through Literature Blue Kit. Grade 1.
521 8 _a160
_bLexile estimate
521 8 _aD
_bRaz-Plus
700 _aMajewski , Joy
_eIllustrator
942 _2ddc
_cBK
_n0
999 _c9679
_d9679